000 00971nac a22002651u 4500
010 _a 2007013101
020 _a9780132385626 :
020 _a0132385627 :
082 0 0 _a690.068
_bHIN
090 _c5171
_d5171
100 _aHinze, Jimmie
245 1 0 _aConstruction planning and scheduling /
_cJimmie W. Hinze.
250 _a3rd ed.
260 _aUpper Saddle River, N.J. :
_bPearson Prentice Hall,2008.
_cc.2008.
300 _ax,374 p.:
_bill,;
_c24 cm.
500 _aTwo copies distributed by Bacca
504 _aIncludes bibliographical references and index.
511 _aCatalogued by: Sara
650 0 _aBuilding
_xSuperintendence.
650 0 _aProduction scheduling.
856 4 1 _3Table of contents only
_uhttp://www.loc.gov/catdir/toc/ecip0714/2007013101.html
942 _cBB
_k690.068HIN
999 _c5171
_d5171